| 000 | 01083nam a2200229Ia 4500 | ||
|---|---|---|---|
| 001 | 674 | ||
| 003 | GE_BSU | ||
| 008 | 181216s||||||||xx |||||||||||||| ||und|| | ||
| 020 | _a9789941146015 | ||
| 040 | _cGE_BSU | ||
| 080 | _a004.724.2+004.7+004.65(075) | ||
| 100 | _aნატროშვილი,ო | ||
| 245 | _aმონაცემთა მიღება-გადაცემის მართვისა და დიაგნოსტირების ალგორითმი კომპიუტერულ ქსელებში | ||
| 260 | _aთბილისი | ||
| 260 | _bტექნიკური უნივერსიტეტი | ||
| 260 | _c2009 | ||
| 300 | _a275 გვ. | ||
| 541 | _h18 ლ. | ||
| 653 | _aკომპიუტერული ქსელები | ||
| 653 | _aმონაცემთა მიღება-გადაცემის მართვისა და დიაგნოსტირების ალგორითმი კომპიუტერულ ქსელებში | ||
| 942 | _cBK | ||
| 999 |
_c34856 _d34856 |
||